Statistiques concernant Vrai dinosaure ou inventé? #3

Cliquez ici pour prendre le quiz!

Statistiques générales

  • Ce quiz a été pris 103 fois
  • Le résultat moyen est 16 sur 20

Statistiques - réponses

QuestionRéponse% Correct
TomjedusorInventé
99%
LesoirjesaureInventé
96%
PachycéphalosaurusRéel
96%
BrontosaureRéel
96%
BulbasaureInventé
90%
OviraptorRéel
87%
GanondorpheInventé
85%
KiwitosaureInventé
83%
LedredonInventé
83%
OndansetronInventé
83%
HylotrésaureInventé
82%
CentrededonInventé
77%
AnodesauronInventé
76%
UtahraptorRéel
71%
NigersaurusRéel
64%
HomalocephaleRéel
64%
TenontausaurusRéel
58%
ZéphyrosaurusRéel
58%
HelioceratopsRéel
55%
QantassaurusRéel
50%

Distribution des résultats

Percentile par nombre de réponses

% des personnes avec chaque résultat

Votre développement - résultats

Vous n’avez pas pris ce quiz